=LDR 00000nam 2200000 4500 =001 INLIS000000000032754 =005 20130612134740 =008 ***********************************ind** =035 ##$$0010-061300000032754 =041 ##$$a ind =082 ##$$a 364.132 3 =090 ##$$a 364.132 3, Suc m =100 ##$$a Sucipta, Mahendra =245 ##$$a Transkrip Rahasia Hasil Sadapan Kpk, Membongkar Modus Operandi Para Makelar Kasus, Mahendra Sucipta =260 ##$$a 2009 $b Yogyakarta =300 ##$$a 120hlm, 21 cm =650 ##$$a Korupsi =850 ##$$a NBPNMAT